00611nam a2200193 a 450000100060000000300080000600500170001400800410003102000180007203500190009004000260010904100080013508200260014324501020016926000580027165000530032970000170038270000180039979974BD-RjUL20220616120635.0220616s2016 ii ||||| |||| 00| 0 eng d a9789351508816 a(BD-RjUL)79974 aBD-RjULbengcBD-RjUL aeng 223a341.247bTHI 2016 aThirty years of SAARC : bsociety, culture and development /cedited by Rajiv Kumar, Omita Goyal. a New Delhi :bSAGE Publications India Pvt Ltd, c2016 aSouth Asian Association for Regional Cooperation aKumar, Rajiv aGoyal, Omita